| 000 | 00395cam a2200157ua 4500 | ||
|---|---|---|---|
| 041 |
_aeng _h |
||
| 082 |
_a636.4 _bPAT/EM |
||
| 100 | _aPatten, Bradley M. | ||
| 245 |
_aEmbryology of the pig / _cM Bradley Patten. _hTextual Documents |
||
| 250 |
_a3 / _b. |
||
| 260 |
_aNew York : _bMcGraw Hill Book Company , _c1948. |
||
| 300 | _a352 ; . | ||
| 504 | _a | ||
| 942 | _cBK | ||
| 999 |
_c3500 _d3500 |
||